|
|
|
|
| LEADER |
00000nas a22000007i 4500 |
| 001 |
ssj0001454265 |
| 003 |
WaSeSS |
| 005 |
20200512172242.0 |
| 006 |
m d |
| 007 |
cr n |
| 008 |
140725c20099999nyufr p s 0 a0eng |
| 010 |
|
|
|a 2014202913
|
| 022 |
|
|
|a 2374-0957
|y 1944-1436
|
| 035 |
|
|
|a (WaSeSS)ssj0001454265
|
| 037 |
|
|
|b Nova Science Publishers, Inc., 400 Oser Ave., Ste. 1600, Hauppauge, N.Y. 11788-3619
|c $55.00 (single issue)
|c $195.00 (1 yr.)
|
| 040 |
|
|
|a DLC
|b eng
|c DLC
|d OCLCO
|d OCLCQ
|d CUS
|d UEJ
|d WaSeSS
|
| 042 |
|
|
|a pcc
|a nsdp
|
| 050 |
1 |
4 |
|a TH438
|
| 082 |
1 |
0 |
|a 624.068
|2 14
|
| 222 |
|
0 |
|a International journal of construction project management
|b (Online)
|
| 245 |
0 |
0 |
|a International journal of construction project management
|h [electronic resource].
|
| 260 |
|
|
|a Hauppauge, N.Y. :
|b Nova Science Publishers
|
| 310 |
|
|
|a Quarterly
|
| 362 |
1 |
|
|a Print began with Volume 1, issue 1 (2009).
|
| 506 |
|
|
|a License restrictions may limit access.
|
| 588 |
|
|
|a Description based on: Volume 3, issue 1 (2011); title from PDF cover image (Nova Science website, viewed on July 25, 2014).
|
| 588 |
|
|
|a Latest issue consulted: Volume 5, issue 2 (2013) (viewed on July 25, 2014).
|
| 650 |
|
0 |
|a Construction industry
|x Management.
|
| 650 |
|
0 |
|a Civil engineering
|v Periodicals.
|
| 650 |
|
7 |
|a Civil engineering.
|2 fast
|0 (OCoLC)fst00862488
|
| 650 |
|
7 |
|a Construction industry
|x Management.
|2 fast
|0 (OCoLC)fst00876069
|
| 655 |
|
0 |
|a Electronic journals.
|
| 776 |
0 |
8 |
|i Print version:
|t International journal of construction project management
|x 1944-1436
|w (DLC) 2008214790
|w (OCoLC)263421477
|
| 856 |
4 |
0 |
|z Full text available from Research Library: 01/01/2011 to present
|u https://search.proquest.com/publication/2034868
|